00301nam a2200121 a 4500008004100000020001500041050002300056100001500079245001700094260004500111300001400156350000900170120416s1983 ||||||||||||||||| || u a0860252280 aPR 6052. R35S8 B37 aBrand, Max14aThe stranger aHornchurchbIan Henry Publicationsc1983 a142 pages a0.00